000 01081nam a22003497a 4500
001 BR7803785
003 BR-BrBNA
005 20230928085624.0
007 ta
008 230509b bl.||||| |||| 00| 0 por d
040 _aBR-BrBNA
_bpor
_cBiblioteca Nacional de Agricultura
041 _a(Por)
072 _aP12; E30
_b/G514
_b/GZ12
090 _ P12 BR7803785
100 1 _aCordeiro, G.G.
100 1 _aMillar, A.A.
111 1 _a4. Congresso Nacional de Irrigacao e Drenagem
_cSalvador, BA (Brazil)
_d11 Sep 1978
245 1 _aProblemas de sais nas areas em operacao agricola do projeto de irrigacao de Sao Goncalo [Projeto agricola; Salinizacao; Mineral; Zona semi arida; Souza; Paraiba; Brasil]
260 3 _aSalvador, BA (Brasil):
_c1978.
300 _a21 p.
500 _a15 ref.; Summaries (Eng, Por)
650 _aIrrigacao
650 _aProjeto agricola
650 _aSalinizacao
650 _aMineral
650 _aSal
650 _aZona semi-arida
650 _aSousa
650 _aParaiba
909 _a202309
_bLucia
_c55
_dLucia Elande
942 _cBK
999 _c25431
_d25431